| 000 | 00338nam a22001337a 4500 | ||
|---|---|---|---|
| 008 | 181102b xxu||||| |||| 00| 0 eng d | ||
| 020 | _a9781557044730 | ||
| 041 | _aeng | ||
| 080 | _a610.73 | ||
| 100 | _a2 | ||
| 101 | _aINF | ||
| 245 |
_aThe Comple Guide When someone you love needs nursing home care _cBornstein, R.F |
||
| 942 |
_2udc _cBK |
||
| 999 |
_c51669 _d51669 |
||